| 000 | 00680nam a22002177a 4500 | ||
|---|---|---|---|
| 003 | 0 | ||
| 005 | 20251104075401.0 | ||
| 008 | 251104b xxu||||| |||| 00| 0 eng d | ||
| 020 | _a978-93-93884-49-7 | ||
| 050 |
_aP 96.T42 _b.A76 2022 |
||
| 100 |
_aArora, Sonia, _eauthor. |
||
| 245 |
_aA Companion to new media dynamics / _cSonia Arora. |
||
| 260 |
_aNew Delhi, India : _bRandom Publications LLP, _c2022. |
||
| 300 |
_aviii, 331 pages ; _c25 cm. |
||
| 504 | _aIncludes bibliographical references and index. | ||
| 650 | _aDigital media. | ||
| 650 | _aNew media. | ||
| 650 |
_aMass media _xTechnological innovations. |
||
| 650 |
_aInternet _xSocial aspects. |
||
| 942 |
_2lcc _cBK |
||
| 999 |
_c368427 _d368427 |
||